| 000 | 01098nam a2200325 aa4500 | ||
|---|---|---|---|
| 001 | 21377 | ||
| 003 | CZ PrNK | ||
| 005 | 20260228114140.0 | ||
| 007 | ta | ||
| 008 | 990309m19341937xo e 000 p slo | ||
| 020 | _q(Váz.) | ||
| 040 |
_aABA001 _bcze _cABA001 _dABA001 |
||
| 072 | 7 |
_a821.162.4 _xSlovenská literatura _2Konspekt |
|
| 080 |
_a821.162.4-1 _2MRF |
||
| 080 |
_a(0:82-13) _2MRF |
||
| 080 |
_a(081.1) _2MRF |
||
| 100 | 1 |
_aHviezdoslav, Pavol Országh, _d1849-1921 _4aut |
|
| 245 | 1 | 0 |
_aHviezdoslavove sobrané spisy básnické. _nSväzok VI-VII, _pKratšia epika |
| 246 | 3 | 0 | _aKratšia epika - Hviezdoslavove sobrané spisy básnické |
| 246 | 3 | 0 | _aSobrané spisy básnické |
| 250 | _a2. vyd. | ||
| 260 |
_aV Turčianskom Sv. Martine : _bPečlivosťou Matice slovenskej, _c1934-1937 |
||
| 300 |
_a2 sv. ; _c22 cm |
||
| 505 | 0 | _aoddiel I. (1881-1901). 1934. 198 s. -- oddiel II. (1881-1901, 1903-1904). 1937. 171 s. | |
| 655 | 7 |
_aslovenská poezie _2czenas |
|
| 655 | 7 |
_aepická poezie _2czenas |
|
| 655 | 7 |
_asebrané spisy _2czenas |
|
| 910 | _aABA001 | ||
| 942 |
_2ddc _cKLDO _n0 |
||
| 999 |
_c21377 _d21377 |
||